|
|
|
|
| LEADER |
00858nam a2200265 a 4500 |
| 001 |
2756 |
| 003 |
BD-DhAAL |
| 005 |
20150628095019.0 |
| 008 |
150628s2000 ii a b 000 0 eng |
| 010 |
|
|
|a 99947904
|
| 020 |
|
|
|a 8186706216
|
| 040 |
|
|
|a DLC
|c DLC
|d DLC
|d BD-DhAAL
|
| 050 |
0 |
0 |
|a HQ1075
|b .B52 2000
|
| 082 |
0 |
0 |
|a 305.3
|2 21
|
| 100 |
1 |
|
|a Bhasin, Kamla,
|d 1946-
|9 12536
|
| 245 |
1 |
0 |
|a Understanding gender /
|c Kamla Bhasin.
|
| 260 |
|
|
|a New Delhi :
|b Kali for women,
|c 2000.
|
| 300 |
|
|
|a 86 p. :
|b ill. ;
|c 23 cm.
|
| 490 |
|
|
|a Kali primaries
|
| 504 |
|
|
|a Includes bibliographical references (p. 85-86).
|
| 541 |
|
|
|e 2756
|
| 650 |
|
0 |
|a Sex role
|v Miscellanea.
|9 12537
|
| 942 |
|
|
|2 ddc
|c BK
|
| 999 |
|
|
|c 34860
|d 34860
|
| 952 |
|
|
|0 0
|1 0
|2 ddc
|4 0
|6 305__300000000000000_BHA
|7 0
|9 54562
|a SCL
|b SCL
|c GEN
|d 2015-06-28
|l 0
|o 305. 3 BHA
|p 3020002756
|r 2015-06-28
|t 1
|w 2015-06-28
|y BK
|